Normal view MARC view

Entry Personal Name

Number of records used in: 1

001 - CONTROL NUMBER

  • control field: 9160

003 - CONTROL NUMBER IDENTIFIER

  • control field: DLC

005 - DATE AND TIME OF LATEST TRANSACTION

  • control field: 20221003151523.0

008 - FIXED-LENGTH DATA ELEMENTS

  • fixed length control field: 130517n| azannaabn |n aaa

010 ## - LIBRARY OF CONGRESS CONTROL NUMBER

  • LC control number: n 2013024710

040 ## - CATALOGING SOURCE

  • Original cataloging agency: DLC
  • Language of cataloging: eng
  • Transcribing agency: DLC
  • Description conventions: rda
  • Modifying agency: DLC

100 1# - HEADING--PERSONAL NAME

  • Personal name: Barth, Roger

670 ## - SOURCE DATA FOUND

  • Source citation: His The chemistry of beer, 2013:
  • Information found: ECIP title page (Roger Barth, Ph.D.)

670 ## - SOURCE DATA FOUND

  • Source citation: Mastering brewing science, 2019:
  • Information found: Ecip t.p. (Roger Barth) data view (Roger Nicholas Barth, Birth Date: 02/07/1984)

670 ## - SOURCE DATA FOUND

  • Source citation: The chemistry of beer, 2022:
  • Information found: ECIP title page (Roger Barth) data view (After working on development of car catalysts at UOP Inc. in Des Plaines, Illinois, he did postdoctoral work on surface and catalytic chemistry at University of Delaware and at Drexel University. He taught chemistry at West Chester University of Pennsylvania from 1985 until his retirement in 2021)

Powered by Koha